000 00756nam a2200205Ia 4500
008 200601s9999 xx 000 0 und d
020 _a978-621-406-159-4
050 _aFIL PL 5665.25
050 _b.K66 2018
245 0 _aKontekstwalisadong Filipino sa malayuning komunikasyon /
245 0 _cJioffre Acopra, Mary Argie Lyn Soriano, Mary Jane G. Ruiz, Olivia S. J. Guttan Teresita A. Zagado, Judith Armendares, Norina P. Lazaro, Aura L. Enrile.
260 _aManila :
260 _bMindshapers,
260 _c2018
300 _a194 pages :
300 _c23 cm.
500 _aIncludes bibliographical references.
650 _aFilipino language -- Study and teaching (Higher).
650 _xCommunication -- Study and teaching -- Philippines.
999 _c363179
_d363179